00955nam a2200241 a 4500003000900000005001700009007000300026008004100029040002500070082001400095245009700109264007500206300002100281490003800302500004300340590002700383650008200410650007400492910001100566942001400577952010500591999001700696DO-SdBNP20221121133936.0ta221121e2010 dr ||||gr|||| 001 e spa d aDO-SdBNPbspacBNPHU 4222bR457c10aComentando la Reforma Constitucional dominicana del 26 de enero 2010. /cNelson Reyes Cerdas aSanto Domingo :bFundación para la Educación constitucional,c2010 a341 p. :c20 cm. aEstudio de Derecho Constitucional aIncluye glosario Jurídico-Político aInventariado 2022 / MF 4958472aReformas CosntitucionalesxLegislacióny2010zRepública Dominicana 4935409aReformas ConstitucionalesxComentarioszRepública Dominicana aMfeliz 2ddccLBS1 00102ddc51708PDaBNPHUbBNPHUcCTd2022-05-19l0oR457cp2022-5527r2022-11-21w2022-11-21yLBS1 c52979d52979